000 00488nam a2200181Ia 4500
005 20250508152900.0
008 008 250505s9999 xx 000 0 eng d
037 _aTextual
040 _aFEDL
_beng
_cFEDL
041 _aeng
_2eng
084 _a700, ROD
_qFEDL
100 _aRodman Selden
_9756735
245 0 _aConversation with artists
260 _aNew York, USA
_bCapricorn Books
_c1961
300 _axx,234p.
942 _cTEXL
_h700, ROD
999 _c1339381
_d1339381